000 00891nam a2200253Ia 4500
003 GCL
005 20240530103453.0
008 140319s9999 xx 000 0 ara d
040 _aGCL /
_cGCL
082 0 4 _a947.084
_bت ت
100 1 _aتروتسكى، ليون
245 1 0 _aتاريخ الثورة الروسية /
_cتروتسكى، ليون ، ترجمة اكرم ديرى ؛ الهيثم الايوبى
250 _aط1
260 _aبيروت :
_bالمؤسسة العربية للدراسات والنشر ،
_c1971
300 _a461 ص ؛
_c25 سم
650 0 4 _aالاتحاد السوفيتى
650 0 4 _aالشيوعية
650 0 4 _aالتاريخ
650 0 4 _aروسيا
650 0 4 _aاتحاد الجمهوريات السوفيتية
700 1 _aالهيثم الايوبى
_eمترجم
700 1 _aاكرم ديرى
_eمترجم
942 _2ddc
_cBK
999 _c39697
_d39697